000 00281nam a2200121 i 4500
001 bg
245 0 _aSterowanie adaptacyjne w technologii maszyn AC'80.
260 _aRydzyna,
_c1980.
040 _cBPK
041 _apol
942 _cKS
008 s pl f |000 0 pol
999 _c19512
_d19512